| 000 | 01328nam a22002417a 4500 | ||
|---|---|---|---|
| 999 |
_c10051 _d10051 |
||
| 003 | AR-CdUCM | ||
| 008 | 190329b ||||| |||| 00| 0 spa d | ||
| 040 |
_aMUNICIPALIDAD PROVINCIAL DEL CUSCO _cBIBLIOTECA MUNICIPAL DEL CUSCO |
||
| 041 | _hger | ||
| 082 |
_a331.22 / _bM26 / 1894. |
||
| 100 |
_aMarx, Carlos _92702 |
||
| 245 |
_aEl Capital : _bCritica de la economia politica / |
||
| 260 |
_aMexico : _bFondo de cultura economica, _c1894. |
||
| 300 |
_a3 tomos ; _c24 cm. |
||
| 500 | _atomo I, volumen I, en mal estado. | ||
| 505 | _aContenido: t.1. v.1: Mercancía y dinero -- La transformación del dinero en capital -- La producción de la plusvalía absoluta ... v.2: el proceso de produccion del capital -- marcancia y dinero -- la transformacion del dinero en capital -- la produccion de la plusvalia absoluta ... t.2. l.2: El proceso de circulacion del capital. t.3.v.1: Produccion capitalista en su conjunto -- transformacion de la plusvalia -- ganancia media -- tendencia decreciente -- capital mercancias -- ganancia en interes -- t.3. v.2: desenvolvimiento de la ganancia -- ganancia extraordinaria -- las rentas y sus fuentes | ||
| 650 |
_aCapital _95056 |
||
| 650 |
_aEconomia _9382 |
||
| 650 |
_aProduccion _91785 |
||
| 700 |
_aRoces, Wenceslao (traductor) _93529 |
||
| 942 |
_2ddc _cLIBROS |
||
| 945 | _apjha | ||